Najmniej ludne powiaty w Polsce - Statystyki

Ogólne statystyki
  • Ten quiz został rozwiązany 70 razy
  • Średni wynik to 11 z 15
Statystyki odpowiedzi
Populacja Województwo Powiat % Poprawnych
22 072 podkarpackie bieszczadzki
92%
20 606 podlaskie sejneński
92%
26 747 podkarpackie leski
85%
34 745 warmińsko-mazurskie olecki
82%
27 280 warmińsko-mazurskie gołdapski
80%
23 451 warmińsko-mazurskie węgorzewski
80%
34 449 świętokrzyskie kazimierski
75%
31 775 mazowieckie łosicki
69%
35 596 lubuskie sulęciński
69%
33 658 warmińsko-mazurskie nidzicki
68%
35 063 mazowieckie lipski
65%
30 933 łódzkie brzeziński
62%
33 569 mazowieckie białobrzeski
55%
34 844 kujawsko-pomorskie wąbrzeski
54%
35 628 lubelskie parczewski
48%
Nie znaleziono quizów pasujących do podanych kryteriów
Rozkład punktacji
Procent ludzi z każdym wynikiem
Percentyl według liczby udzielonych odpowiedzi
Twoja historia wyników
Nie rozwiązałeś tego quizu